Slovenská ekonomika na ceste k prijatiu eura
Stratégia prijatia eura v SR. Zásady predloženej stratégie. Námietky proti prijatiu eura a ich diskusia. Smery ďalšieho rozpracovania stratégie vstupu do eurozóny.
Uložené v:
| Hlavný autor: | |
|---|---|
| Médium: | Kapitola |
| Jazyk: | Slovak |
| Predmet: | |
| Tagy: |
Žiadne tagy, Buďte prvý, kto otaguje tento záznam!
|
MARC
| LEADER | 00000naa$a2200000$$$4500 | ||
|---|---|---|---|
| 001 | 0002775 | ||
| 005 | 20231002120055.0 | ||
| 041 | 0 | |a slo | |
| 044 | |a SK | ||
| 245 | 1 | 0 | |a Slovenská ekonomika na ceste k prijatiu eura |c aut. Elena Kohútiková |
| 520 | |a Stratégia prijatia eura v SR. Zásady predloženej stratégie. Námietky proti prijatiu eura a ich diskusia. Smery ďalšieho rozpracovania stratégie vstupu do eurozóny. | ||
| 610 | 2 | 0 | |a únie menové |
| 610 | 2 | 0 | |a politika hospodárska |
| 610 | 2 | 0 | |a Slovensko |
| 610 | 2 | 0 | |a euro |
| 610 | 2 | 0 | |a politika menová |
| 610 | 2 | 0 | |a stratégia hospodárska |
| 610 | 2 | 0 | |a integrácia menová |
| 610 | 2 | 0 | |a Európska menová únia |
| 100 | 1 | |a Kohútiková, Elena | |